<?xml version="1.0" encoding="UTF-8"?>
<record
    xmlns:xsi="http://www.w3.org/2001/XMLSchema-instance"
    xsi:schemaLocation="http://www.loc.gov/MARC21/slim http://www.loc.gov/standards/marcxml/schema/MARC21slim.xsd"
    xmlns="http://www.loc.gov/MARC21/slim">

  <leader>03590njm a2200529Ia 4500</leader>
  <controlfield tag="001">B2397</controlfield>
  <controlfield tag="003">IT-RoPAU</controlfield>
  <controlfield tag="005">20220918181115.0</controlfield>
  <controlfield tag="008">131025s9999    xx            000 0 und d</controlfield>
  <datafield tag="040" ind1=" " ind2=" ">
    <subfield code="a">IT-RoPAU</subfield>
  </datafield>
  <datafield tag="040" ind1=" " ind2=" ">
    <subfield code="c">IT-RoPAU</subfield>
  </datafield>
  <datafield tag="999" ind1=" " ind2=" ">
    <subfield code="c">99330</subfield>
    <subfield code="d">99330</subfield>
  </datafield>
  <datafield tag="999" ind1=" " ind2=" ">
    <subfield code="b">n.d.</subfield>
  </datafield>
  <datafield tag="100" ind1=" " ind2=" ">
    <subfield code="a">AA.VV.</subfield>
    <subfield code="9">794</subfield>
  </datafield>
  <datafield tag="100" ind1=" " ind2=" ">
    <subfield code="e">Autore musica</subfield>
    <subfield code="9">28738</subfield>
  </datafield>
  <datafield tag="100" ind1=" " ind2=" ">
    <subfield code="g">Codice autore musica SPICS: 12000</subfield>
    <subfield code="9">796</subfield>
  </datafield>
  <datafield tag="245" ind1=" " ind2=" ">
    <subfield code="a">Jackie McLean</subfield>
  </datafield>
  <datafield tag="250" ind1=" " ind2=" ">
    <subfield code="a">2a ed.</subfield>
  </datafield>
  <datafield tag="260" ind1=" " ind2=" ">
    <subfield code="a">MILANO</subfield>
  </datafield>
  <datafield tag="260" ind1=" " ind2=" ">
    <subfield code="b">RUSCONI</subfield>
    <subfield code="c">1992 [1a Ed.:0]</subfield>
  </datafield>
  <datafield tag="300" ind1=" " ind2=" ">
    <subfield code="a">COMPACT DISC</subfield>
  </datafield>
  <datafield tag="300" ind1=" " ind2=" ">
    <subfield code="c">75 minuti (Testo: 0 pag.)</subfield>
  </datafield>
  <datafield tag="500" ind1=" " ind2=" ">
    <subfield code="a">Musica jazz. Cd fuori commercio allegato al n. 11 '92 della rivista "Musica jazz"</subfield>
  </datafield>
  <datafield tag="505" ind1=" " ind2=" ">
    <subfield code="a">Quadrangle [(Hackensack, 18 gennaio 1959) (5:00)] - What's New [(Englewood Cliffs, 20 ottobre 1959) (6:00)] - The Thespian [(Englewood Cliffs, 13 agosto 1960) (7:00)] - I'll Keep Loving You [(Englewood Cliffs, 19 marzo 1962) (7:00)] - Tippin' the Scales [(Englewood Cliffs, 28 settembre 1962) (6:00)] - Frankenstein [(Englewood Cliffs, 30 aprile 1963) (8:00)] - Cancellation [(Englewood Cliffs, 5 agosto 1964) (8:00)] - Blue Fable [(Englewood Cliffs, 24 settembre 1965) (6:00)] - Moonscape [(Englewood Cliffs, 18 aprile 1966) (7:00)] - Old Gospel [(Englewood Cliffs, 24 marzo 1967) (11:00)] - You Taught My Heart To Sing [(New York, 6/7 aprile 1985) (7:00)]</subfield>
  </datafield>
  <datafield tag="511" ind1=" " ind2=" ">
    <subfield code="a">Byrd Donald: tr; McLean Jackie: alto; Chambers Paul: cb; Joe Jones Philly: batt</subfield>
  </datafield>
  <datafield tag="511" ind1=" " ind2=" ">
    <subfield code="a">McLean Jackie: alto; Bishop Walter: p; Garrison Jimmy: cb; Taylor Art: batt</subfield>
  </datafield>
  <datafield tag="511" ind1=" " ind2=" ">
    <subfield code="a">McLean Jackie: alto; Brooks Tina: ten; Redd Freddie: p; Chambers Paul: cb; Hayes Louis: batt</subfield>
  </datafield>
  <datafield tag="511" ind1=" " ind2=" ">
    <subfield code="a">McLean Jackie: alto; Davis Walter: p; Lewis Herbie: cb; Higgins Billy: batt</subfield>
  </datafield>
  <datafield tag="511" ind1=" " ind2=" ">
    <subfield code="a">McLean Jackie: alto; Clark Sonny: p; Warren Butch: cb; Taylor Art: batt</subfield>
  </datafield>
  <datafield tag="511" ind1=" " ind2=" ">
    <subfield code="a">Monchur Grachan: trne; McLean Jackie: alto; Hutcherson Bobby: vib; Kahn Eddie: cb; Williams Tony: batt</subfield>
  </datafield>
  <datafield tag="511" ind1=" " ind2=" ">
    <subfield code="a">Tolliver Charles: tr; McLean Jackie: alto; Hancock Herbie: p; Mcbee Cecil: cb; Haynes Roy: batt</subfield>
  </datafield>
  <datafield tag="511" ind1=" " ind2=" ">
    <subfield code="a">Morgan Lee: tr; McLean Jackie: alto; Willis Larry: p; Ridley Larry: cb; Dejohnette Jack: batt</subfield>
  </datafield>
  <datafield tag="511" ind1=" " ind2=" ">
    <subfield code="a">McLean Jackie: alto; Willis Larry: p; Moore Don: cb; Dejonetee Jack: batt</subfield>
  </datafield>
  <datafield tag="511" ind1=" " ind2=" ">
    <subfield code="a">Coleman Ornette: tr; McLean Jackie: alto; Johnson Lamont: p; Holt Scott: cb; Higgins Billy: batt</subfield>
  </datafield>
  <datafield tag="511" ind1=" " ind2=" ">
    <subfield code="a">McLean Jackie: alto; Tyner Mccoy: p; Miller Marcus: b el; Foster Al: batt; Thonton Steve: perc.</subfield>
  </datafield>
  <datafield tag="650" ind1=" " ind2=" ">
    <subfield code="a">JAZZ [COMPACT DISC]</subfield>
    <subfield code="e">Codice MATERIA SPICS: 9949</subfield>
    <subfield code="9">11822</subfield>
  </datafield>
  <datafield tag="700" ind1=" " ind2=" ">
    <subfield code="a">McLean Jackie</subfield>
    <subfield code="g">Codice interprete SPICS: 37845</subfield>
    <subfield code="e">Interprete</subfield>
    <subfield code="9">28739</subfield>
  </datafield>
  <datafield tag="700" ind1=" " ind2=" ">
    <subfield code="a">McLean Jackie</subfield>
    <subfield code="g">Codice autore musica SPICS: 37845</subfield>
    <subfield code="e">Autore musica</subfield>
    <subfield code="p">Quadrangle - Tippin' the Scales - Blue Fable - Moonscape</subfield>
    <subfield code="9">28740</subfield>
  </datafield>
  <datafield tag="700" ind1=" " ind2=" ">
    <subfield code="a">Haggart Bob</subfield>
    <subfield code="g">Codice autore musica SPICS: 16365</subfield>
    <subfield code="e">Autore musica</subfield>
    <subfield code="p">What's New</subfield>
    <subfield code="9">28741</subfield>
  </datafield>
  <datafield tag="700" ind1=" " ind2=" ">
    <subfield code="a">Burke Johnny</subfield>
    <subfield code="g">Codice autore SPICS: 15743</subfield>
    <subfield code="e">Autore</subfield>
    <subfield code="p">What's New</subfield>
    <subfield code="9">28742</subfield>
  </datafield>
  <datafield tag="700" ind1=" " ind2=" ">
    <subfield code="a">Redd Freddie</subfield>
    <subfield code="g">Codice autore musica SPICS: 37846</subfield>
    <subfield code="e">Autore musica</subfield>
    <subfield code="p">The Thespian</subfield>
    <subfield code="9">28743</subfield>
  </datafield>
  <datafield tag="700" ind1=" " ind2=" ">
    <subfield code="a">Powell Bud</subfield>
    <subfield code="g">Codice autore musica SPICS: 10500</subfield>
    <subfield code="e">Autore musica</subfield>
    <subfield code="p">I'll Keep Loving You</subfield>
    <subfield code="9">28744</subfield>
  </datafield>
  <datafield tag="700" ind1=" " ind2=" ">
    <subfield code="a">Monchur Grachan</subfield>
    <subfield code="g">Codice autore musica SPICS: 37847</subfield>
    <subfield code="e">Autore musica</subfield>
    <subfield code="p">Frankenstein</subfield>
    <subfield code="9">28745</subfield>
  </datafield>
  <datafield tag="700" ind1=" " ind2=" ">
    <subfield code="a">Tolliver Charles</subfield>
    <subfield code="g">Codice autore musica SPICS: 37848</subfield>
    <subfield code="e">Autore musica</subfield>
    <subfield code="p">Cancellation</subfield>
    <subfield code="9">28746</subfield>
  </datafield>
  <datafield tag="700" ind1=" " ind2=" ">
    <subfield code="a">Coleman Ornette</subfield>
    <subfield code="g">Codice autore musica SPICS: 10832</subfield>
    <subfield code="e">Autore musica</subfield>
    <subfield code="p">Old Gospel</subfield>
    <subfield code="9">28747</subfield>
  </datafield>
  <datafield tag="700" ind1=" " ind2=" ">
    <subfield code="a">McCoy Tyner</subfield>
    <subfield code="g">Codice autore musica SPICS: 37849</subfield>
    <subfield code="e">Autore musica</subfield>
    <subfield code="p">You Taught My Heart To Sing</subfield>
    <subfield code="9">28748</subfield>
  </datafield>
  <datafield tag="942" ind1=" " ind2=" ">
    <subfield code="c">CD</subfield>
    <subfield code="2">ddc</subfield>
  </datafield>
  <datafield tag="952" ind1=" " ind2=" ">
    <subfield code="0">0</subfield>
    <subfield code="1">0</subfield>
    <subfield code="4">0</subfield>
    <subfield code="6">B_2397_000000000000000</subfield>
    <subfield code="7">1</subfield>
    <subfield code="a">SPICS</subfield>
    <subfield code="b">SPICS</subfield>
    <subfield code="d">2013-10-25</subfield>
    <subfield code="l">0</subfield>
    <subfield code="o">B2397</subfield>
    <subfield code="r">2013-10-25 00:00:00</subfield>
    <subfield code="w">2013-10-25</subfield>
    <subfield code="y">CD</subfield>
    <subfield code="z">Progr. Ins.: 522 / N.Vol.: 1 / Copie: 1 - Copia rara: n.d. / date import: 01.01.2014 - By Epidotti, Trombetti, Vaglietti</subfield>
  </datafield>
</record>
